Manushi (Record no. 11208)

MARC details
000 -LEADER
fixed length control field 00613nam a2200253 a 4500
020 ## - INTERNATIONAL STANDARD BOOK NUMBER
ISBN
082 00 - DEWEY DECIMAL CLASSIFICATION NUMBER
Classification number 291.4
Author Cutter MAN
100 ## - MAIN ENTRY--AUTHOR NAME
Author name Mansshi,
245 ## - TITLE STATEMENT
Title Manushi
Sub title Tenth Anniversary Issue
260 ## - PUBLICATION, DISTRIBUTION, ETC. (IMPRINT)
Place of publication Delhi
Name of publisher Manushi Trust
Year of publication 1989
300 ## - PHYSICAL DESCRIPTION
Number of Pages 120p
500 ## - GENERAL NOTE
General note includes index and biblioraphy
505 2# - FORMATTED CONTENTS NOTE
Formatted contents note women bhakta peots, nos.50-52
650 ## - SUBJECT ADDED ENTRY--TOPICAL TERM
Topical Term Bhakti-Poetry
650 ## - SUBJECT ADDED ENTRY--TOPICAL TERM
Topical Term Poets-Women
942 ## - ADDED ENTRY ELEMENTS (KOHA)
Koha item type Books
700 1# -
-- Mansshi,
Holdings
Collection code Home library Current library Date acquired Cost, normal purchase price Full call number Accession Number Koha item type
  Henry Martyn Institute Library Henry Martyn Institute Library 07/19/2007 100.00 291.4 MAN 017901 Books
                   Copyright © 2026 | Henry Martyn Institute | Hyderabad | TS-500052 | INDIA | Implemented by hmi.edu.in
Hit-Count:

Powered by Koha